000 00606nam a2200205Ia 4500
005 20250923145023.0
008 008 250917s9999 xx 000 0 eng d
037 _aTextual
040 _aDSWL
_beng
_cDSWL
041 _aeng
_2eng
084 _aY217-73(P28), N53
_qDSWL
100 _aBukhsh, S.Khuda
_9830937
245 0 _aMarriage and family life among the Arabi
_cby S.Khuda Bukhsh
260 _aLahore
_bOrientalia Publiers
_c1953
300 _aviii,110 p.
365 _aINR
_b1
925 _g1
942 _cTEXL
_hY217-73(P28), N53
999 _c1446131
_d1446131